Statistics for LY endings Scrabble words (beginning in A)

Click here to take the quiz!

General Stats

  • This quiz has been taken 13 times
  • The average score is 15 of 41

Answer Stats

HintAnswer% Correct
AERUZazurely
100%
AABFFaffably
67%
AFLUWawfully
67%
AAILXaxially
67%
ACETUacutely
50%
ADDDEaddedly
50%
ADLTUadultly
50%
AAGLLalgally
50%
AFLOOaloofly
50%
AEGNLangelly
50%
AAMNOanomaly
50%
AEHNSashenly
50%
AERTTatterly
50%
ABDIUaudibly
50%
ABCERacerbly
33%
ACDIRacridly
33%
ACORTactorly
33%
AADPTadaptly
33%
AEGILagilely
33%
AELRTalertly
33%
AEILNalienly
33%
AEGNRangerly
33%
AGINRangrily
33%
AILPRaprilly
33%
AAERLareally
33%
AALURaurally
33%
AAERWawarely
33%
ACDHOadhocly
17%
AELNOalonely
17%
AABIMamiably
17%
AANOTanatoly
17%
AMNOOanomoly
17%
ACINTanticly
17%
AFINTantifly
17%
AINSTantsily
17%
AEPRTapertly
17%
AAEPTapetaly
17%
AHPLYaphylly
17%
AHIPSapishly
17%
AIRSTartsily
17%
AESIVavisely
17%

Score Distribution

Percentile by Number Answered

Percent of People with Each Score

Your Score History

You have not taken this quiz